Cyrill a Method čili katolický časopis pro církev a školu
| Other Authors: | , |
|---|---|
| Format: | Journal |
| Language: | Slovak |
| PhysicalDescription: | 7 zv. 27-29 cm Dostupné aj na mikrofilme |
| Published: |
V B. Šťávnici
Ondrej Radlinský
1850-1856
V Šťávnici na Slovensku Ján Nep. Palárik V. B. Bystrici Úrad biskupský |
| ISSN: | 1336-4553 |
| Subjects: |
MARC
| LEADER | 00000cas a22000001a 4500 | ||
|---|---|---|---|
| 001 | vtls010297433 | ||
| 003 | SK-MaSNL | ||
| 005 | 20260228162401.0 | ||
| 008 | 200401d18501856xo wr p r 0 b0slo c | ||
| 015 | |a SNBDS17XX9999 | ||
| 015 | |a 0008 |2 Potemra slov. do r. 1918 | ||
| 015 | |a 0009 |2 Potemra slov. do r. 1918 | ||
| 022 | |a 1336-4553 | ||
| 038 | |a SNKBUDS | ||
| 040 | |a SNK |b slo |c SNK |e AACR2 | ||
| 041 | 0 | |a slo | |
| 044 | |a xo |c SK | ||
| 072 | 7 | |a 27-5 |x Kresťanské umenie a symbolika. Duchovný život |2 konspekt | |
| 072 | 7 | |a 2 |x Náboženstvo |2 konspekt | |
| 080 | |a 272/273 |2 2001 | ||
| 080 | |a 21/29-1/-9 |2 2001 | ||
| 080 | |a 82-97 |2 2001 | ||
| 080 | |a 27-4 |2 2001 | ||
| 080 | |a 050 |2 2001 | ||
| 222 | 0 | |a Cyrill a Method | |
| 245 | 0 | 0 | |a Cyrill a Method |b čili katolický časopis pro církev a školu |
| 260 | |a V B. Šťávnici |b Ondrej Radlinský |c 1850-1856 | ||
| 260 | 2 | |3 1851 |a V Šťávnici na Slovensku |b Ján Nep. Palárik | |
| 260 | 3 | |3 1852-1856 |a V. B. Bystrici |b Úrad biskupský | |
| 300 | |a 7 zv. |c 27-29 cm | ||
| 310 | |a 1x týždenne | ||
| 362 | 0 | |a Roč. I, č. 1 (14.3.1850)-roč. II, č. 23 (9. jul. 1851) ; roč. I, č. 1 (10. jan. 1852)-roč. V, č. 52 (27. dec. 1856) | |
| 500 | |a Vychádzal raz týždenne v sobotu, v Banskej Štiavnici, od r. 1852 v Banskej Bystrici vo formáte 21 x 27 cm, od r. 1852 23 x 29 cm. Od 20. apríla 1850 do 29. júna 1850 časopis nevychádzal | ||
| 500 | |a Pod správou (red.) J. Palárik a vyd. dr. Ondrej Radlinský. Od r. 1852 zodp. red. Michal Chrástek, od 4/III (28. januára 1854) zodp. red. Juraj Slotta, od roč. V (5. januára 1856) zodp. redaktori Michal Chrástek a Juraj Slotta | ||
| 500 | |a Tlač. Lorberova kníhtlačiareň v Banskej Štiavnici, od r. 1852 Filip Machold v Banskej Bystrici | ||
| 500 | |a Koncom roku 1856 časopis v Banskej Bystrici zanikol a pomenovanie Cyrill a Method prijali Radlinského Katolícke noviny, ktoré sa od roku 1857 vydávali pod názvom: Cyril a Method, katolícke noviny pre cirkev, dom a školu | ||
| 500 | |a Zmena podnázvu od roč. I (1852): katolický časopis pre cirkev a školu, vydávaný pod ochranou v. Úradu biskupského v Banskej Bystrici | ||
| 500 | |a Od r. 1852 rozmer zv. 29 cm | ||
| 525 | |a Roč. II (1851) obsahuje 5 č. príl. pod názvom: List pre výchovu, školu a literaturu | ||
| 530 | |a Dostupné aj na mikrofilme | ||
| 610 | 2 | 7 | |a Katolícka cirkev |2 SNKKA |9 206702 |
| 650 | 0 | 7 | |a náboženstvo |2 SNKPH |9 2023 |
| 650 | 0 | 7 | |a cirkevný život |2 SNKPH |9 75120 |
| 655 | 7 | |a náboženské časopisy |2 SNKPH |9 70790 | |
| 700 | 1 | |a Palárik, Ján, |d 1822-1870 |4 red |9 116191 | |
| 700 | 1 | |a Chrástek, Michal, |d 1825-1900 |4 red |9 151551 | |
| 700 | 1 | |a Slota, Juraj, |d 1819-1882 |4 red |9 92361 | |
| 700 | 1 | |a Machold, Filip, |d 1815-1864 |4 prt |9 49396 | |
| 700 | 1 | |a Lorber, František, |d zomrel po 1871 |4 prt |9 193747 | |
| 710 | 0 | |a Radlinský, Andrej Ľudovít, |d 1817-1879 |4 pbl |9 270908 | |
| 710 | 2 | |a Rímskokatolícka cirkev. |b Biskupský úrad (Banská Bystrica, Slovensko) |4 pbl |9 270909 | |
| 752 | |a Slovensko |d Banská Štiavnica | ||
| 752 | |a Slovensko |d Banská Bystrica | ||
| 910 | |a snk | ||
| 916 | |a 1850-1856 | ||
| 958 | |a ONDV | ||
| 999 | |c 7784 |d 9714 | ||
| 952 | |0 0 |1 0 |4 0 |7 0 |a SNK |b SNK |d 1997-04-07 |f 1 |i snk1850/29 |l 0 |o snkČSB 11/2/1851 |p 17A0057689 |r 2005-01-02 00:00:00 |t č. 1-23 |w 2026-02-21 |y PREZ |z + 5 príloh pod názvom: ; Príloha k Cyrillo-Methodovi. ; List pre výchovu školu a literaturu. | ||
| 952 | |0 0 |1 0 |4 0 |7 0 |a SNK |b SNK |d 1999-02-20 |l 0 |o snkČSB 11/2/1851 D2 |p 17A0096261 |r 2005-01-02 00:00:00 |t č. 1-23, neúplné |w 2026-02-21 |y PREZ |z Chýba č. 1,2,6,22,23 + príloha 1-5 | ||
| 952 | |0 0 |1 0 |4 0 |7 0 |a SNK |b SNK |d 2002-09-03 |f 1 |i snk533/27 |l 0 |o snkČSB 11/1/1850 |p 17A0057687 |r 2005-01-02 00:00:00 |t č. 1-32 |w 2026-02-21 |y PREZ | ||
| 952 | |0 0 |1 0 |4 0 |7 0 |8 5 |a SNK |b SNK |d 2002-09-03 |i snkF 4989/77 |l 0 |o snkČSB 11/1-2/1850 -1851 D1 |p 17A0180984 |r 2005-01-02 00:00:00 |w 2026-02-21 |y PREZ | ||
| 952 | |0 0 |1 0 |4 0 |7 0 |a SNK |b SNK |d 1997-03-20 |f 1 |l 0 |o snkČSB 11/1/1852 |p 17A0056257 |r 2005-01-02 00:00:00 |t č. 1-51 |w 2026-02-21 |y PREZ | ||
| 952 | |0 0 |1 0 |4 0 |7 0 |a SNK |b SNK |d 1998-10-19 |l 0 |o snkČSB 11/1/1852 D1 |p 17A0166246 |r 2005-01-02 00:00:00 |w 2026-02-21 |y PREZ | ||
| 952 | |0 0 |1 0 |4 0 |7 0 |a SNK |b SNK |d 2000-02-01 |l 0 |o snkČSB 11/1/1852 D2 |p 17A0225929 |r 2005-01-02 00:00:00 |t č. 1-51 |w 2026-02-21 |y PREZ | ||
| 952 | |0 0 |1 0 |4 0 |7 0 |8 5 |a SNK |b SNK |d 2002-09-23 |f 1 |i snkF 3282/70 |l 0 |o snkČSB 11/2/1853 |p 17A0095369 |r 2005-01-02 00:00:00 |t č. 1-53 |w 2026-02-21 |y PREZ | ||
| 952 | |0 0 |1 0 |4 0 |7 0 |a SNK |b SNK |d 2002-09-23 |f 1 |i snk536/27 |l 0 |o snkČSB 11/3/1854 |p 17A0093513 |r 2005-01-02 00:00:00 |t č. 1-51 |w 2026-02-21 |y PREZ | ||
| 952 | |0 0 |1 0 |4 0 |7 0 |a SNK |b SNK |d 2002-09-23 |f 1 |i snk537/27 |l 0 |o snkČSB 11/4/1855 |p 17A0056256 |r 2005-01-02 00:00:00 |t č. 1-52 |w 2026-02-21 |y PREZ | ||
| 952 | |0 0 |1 0 |4 0 |7 0 |a SNK |b SNK |d 2002-09-23 |l 0 |o snkČSB 11/4/1855 D1 |p 17A0199504 |r 2005-01-02 00:00:00 |t č. 1-52 |w 2026-02-21 |y PREZ | ||
| 952 | |0 0 |1 0 |4 0 |7 0 |a SNK |b SNK |d 2002-09-23 |f 1 |i snk538/27 |l 0 |o snkČSB 11/5/1856 |p 17A0093547 |r 2005-01-02 00:00:00 |t č. 1-52 |w 2026-02-21 |y PREZ | ||
| 952 | |0 0 |1 0 |4 0 |7 0 |a SNK |b SNK |d 2002-09-23 |l 0 |o snkČSB 11/5/1856 D1 |p 17A0199535 |r 2005-01-02 00:00:00 |t č. 1-52 |w 2026-02-21 |y PREZ | ||
| 952 | |0 0 |1 0 |4 0 |7 0 |8 5 |a SNK |b SNK |d 2015-01-14 |i snkF 2026/68 |l 0 |o snkČSB 11/3/1854 D1 |p 17A1022052 |r 2026-02-21 20:52:01 |t č. 1-52 |w 2026-02-21 |y PREZ |z č. 1-52 | ||


